Приказы Революционного военного Совета Республики по штабу Рабоче-Крестьянской Красной армии и войскам Московского военного окру...

Доступно только в Электронных читальных залах Найти на картеНа карте
RUSMARC
00004141nac2a22002771x 450
0014c080f0b-4eab-496d-b360-66c9f025986e
00520160622161922.0
100##$a20160524l19211922k y0rusy50 ca
1010#$arus
102##$aRU
105##$ay z |||||
1222#$ad19210218
$ad19220620
2001#$aПриказы Революционного военного Совета Республики по штабу Рабоче-Крестьянской Красной армии и войскам Московского военного округа, протоколы заседаний комиссии по проведению "недели Красной Армии" и другие материалы по вопросу организации РККА
$j18 февраля 1921 - 20 июня 1922
215##$a61 лист
251##$cДело
300##$aЧасть текста машинописная, часть - напечатана типографским способом
324##$aВ деле имеются копии отдельных документов
330##$aВходит в раздел описи: II. Канцелярия. 2. Общее делопроизводство
461#0$1001ad6baeac-e292-4829-90d1-2f4f65796a62
$12001
$aСОВЕТ НАРОДНЫХ КОМИССАРОВ РСФСР (СНК РСФСР)
$1251
$cФонд
$1852
$j130
$gР
462#0$1001749580a7-5abb-40c4-a39c-e540631a040a
$12001
$a1921 г.
$vД. 624
$1251
$cОпись
$1852
$j5
60101$3RU\NLR\AUTH\661074810
$aРСФСР
$bСовет Народных Комиссаров
60101$3RU\NLR\AUTH\8810008431
$aРСФСР
$bРеволюционный военный совет
60102$3RU\NLR\AUTH\661514024
$aРабоче-Крестьянская Красная армия
$c1918 - 1946
801#0$aRU
$bGA_RF
801#1$aRU
$bНПО Опыт
$c20160524
$2rusmarc
801#2$aRU
$bПБ им. Б.Н. Ельцина
$c20160622
$gRCR
$2rusmarc
852##$aГА РФ
$j624
937##$d77903608
$hПБ
035##$aRuPRLIB51039224
Формат отображения